00513nam a2200133Ia 4500008004100000100001900041245009600060245004400156260000900200650002600209856005200235999001900287952007300306160609s9999 xx 000 0 und d aCook, Diane J. aActivity Learning: Discovering, Recognizing, and Predicting Human Behavior from Sensor Data cBy:Diane J. Cook, Narayanan C. Krishnan c2015 xBEHAVIORAL MANAGEMENT uhttp://file.ebook777.com/011/978-1118893760.pdf c295826d295826 001040aCLbCLd2016-06-09l0r2016-06-09 00:00:00w2016-06-09yCBE